Bé tập làm quen với toán học 4-5 tuổi

में बचाया:
ग्रंथसूची विवरण
मुख्य लेखक: Lê, Thị Thanh Nga
स्वरूप: पुस्तक
भाषा:Undetermined
प्रकाशित: H. Giáo dục 2005
विषय:
ऑनलाइन पहुंच:http://lrc.tdmu.edu.vn/opac/search/detail.asp?aID=2&ID=4157
टैग : टैग जोड़ें
कोई टैग नहीं, इस रिकॉर्ड को टैग करने वाले पहले व्यक्ति बनें!
Thư viện lưu trữ: Trung tâm Học liệu Trường Đại học Thủ Dầu Một
LEADER 00628nam a2200193Ia 4500
001 TDMU_4157
008 210410s9999 xx 000 0 und d
082 |a 372.21 
090 |b L250 
100 |a Lê, Thị Thanh Nga 
245 0 |a Bé tập làm quen với toán học 4-5 tuổi 
245 0 |c Lê Thị Thanh Nga 
260 |a H. 
260 |b Giáo dục 
260 |c 2005 
300 |a 32tr. 
650 |a Làm quen với toán; Giáo dục mầm non  |x Toán 
856 |u http://lrc.tdmu.edu.vn/opac/search/detail.asp?aID=2&ID=4157 
980 |a Trung tâm Học liệu Trường Đại học Thủ Dầu Một